MDQL
is popping MORE tags! Check the
thread
!
Quizzes
Events
Quiz Creation
Community
Videos
Private Events
Remove Ads
Sign In
Join for FREE
Feedback
Dark Mode
Quiz Categories
Sports
Geography
Music
Movies
Television
Just For Fun
Miscellaneous
History
Literature
Language
Science
Gaming
Entertainment
Religion
Holiday
For Kids
Quiz Lab
Recent
Popular Today
Quiz Kudos Today
Editor Picks
Curator Picks
Quizzes by...
Day
Popularity
Type
Ratings
Length
Year
Community
Subscriptions
Recent Discussions
Orange Saloon
Badges
Playlists
Quests
Create
Leaderboards
Showdown
Live 5
Trivia Bingo
Activity
Puzzle Library
Sporcle Events
Private Events
Virtual Trivia
Globe League
Become a Host
Pub Owners
SporcleCon
Opinionation
Our Games
Videos
Blog
Mobile Apps
Partnerships
Remove Ads and Go Orange
Feedback
Language
Vocabulary
Begins and Ends
Definition
Spanish
French
German
Italian
Chinese
Latin
Translation
Japanese
Language
Vocabulary
Begins and Ends
Definition
Spanish
French
German
Italian
Chinese
Latin
Translation
Japanese
Random Quiz
Search Sporcle
×
Quiz Lab
Quiz Lab
Language
Vocabulary
Type in answers that appear in a list
Type in answers that appear in a list
Classic
Best Score? Go Orange.
Spanish 253 Chapter 7 Vocab Stats
Can you name the Spanish 253 Chapter 7 Vocab?
By
TRODAC
10m
57 Questions
15 Plays
15 Plays
15 Plays
Comments
Comments
Give Quiz Kudos
Give Quiz Kudos
-
- Ratings
hide this ad
Replay
Link that replays current quiz
Next Quiz
Link to next quiz in quiz playlist
You Got
0%
They Got
Avg Score
85%
Avg Friend Score
Upgrade to see
Score Distribution
Jump to the score distribution portion of the page
Score
0/57
Timer
10:00
0
Plays Today
Spanish Word
English Translation
% Correct
la bandera
flag
100%
mi gente
my people
100%
la lengua materna
mother tongue
100%
el nivel
level
100%
el nivel económico
economic standard
100%
el símbolo
symbol
100%
avanzar (c)
to advance
100%
la esperanza
hope
100%
la ilusión
delusion
100%
la nostalgia
nostalgia
100%
superar
to advance
100%
legalizar (c)
to legalize
100%
legal
legal
100%
ilegal
illegal
100%
el barrio
neighborhood
100%
la discriminación
discrimination
100%
el/
la emigrante/
inmigrante
emigrant
100%
el idioma/
la lengua
language
100%
el lenguaje
language
100%
la nacionalidad
nationality
100%
el país
country
100%
el pasaporte
passport
100%
la población
population
100%
el/
la ciudadano/
a
citizen
93.3%
la pobreza
poverty
93.3%
la residencia
residence
93.3%
la tarjeta de residente
resident card
93.3%
echar de menos
to miss
93.3%
faltar
to miss
93.3%
Spanish Word
English Translation
% Correct
el origen
origin
93.3%
nacer (zc)
to be born
93.3%
la frontera
border
86.7%
el orgullo
pride
86.7%
la patria
homeland
86.7%
la zona residencial
residential area
86.7%
criar(se) (me crío)
to raise
86.7%
raza
race
86.7%
la sobrepoblación
overpopulation
86.7%
la ciudadanía
citizenship
80%
la raíz (las raíces)
root
80%
la riqueza
richness
80%
orgulloso/
a
proud
80%
el bilingüismo
bilingualism
80%
la desesperanza
hopelessness
80%
la costumbre
tradition
73.3%
crecer (zc)
to grow up
73.3%
el/
la compatriota
fellow citizen
66.7%
rechazar (c)
to reject
66.7%
mi tierra
my homeland
60%
estar (irreg.) aconstumbrado/
a a
to be accustomed to
60%
el rechazo
rejection
60%
aconstumbrarse a
to get used to
53.3%
el nivel de vida
standard of living
53.3%
la desilusión
disappointment
46.7%
tener (irreg) papeles
to have legal papers
46.7%
superarse
to excel in life
26.7%
adaptarse a
adapt to
26.7%
Quiz Playlist
Details
Report
Send in Message
Add To Playlist
Classic:
Type in answers that appear in a list
Last Updated: Feb 16, 2017
Quiz Scoreboard
CHALLENGE
Sign Up to Join the Scoreboard
Show All
Scores
Hide
Comments
May contain spoilers
Recently Published
Find the 'City' Movie
by crazypaving
Movies
60s
5x2 Blitz: Bands
by SL_Kpop136
Music
30s
Colored Red Africa Blitz
by spor1
Geography
30s
More to Explore
Quiz From the Vault
Featured Blog Post
14 Easter Pick-up Lines to Find Eggs With
hide this ad
You Might Also Like...
Tags
Spanish Quiz
Vocabulary Quiz
Today's Top Quizzes in Language
Browse Language
hide this ad
Today's Top Quizzes in Vocabulary
Browse Vocabulary
Top Contributed Quizzes in Language
1
1-10 Letter F Words III
2
1-10 Letter G Words III
3
1-10 Letter H Words III
4
1-10 Letter I Words III
5
Greek Alphabet Match
6
Arabic Numerals
7
Ends in ELL Minefield
8
1-10 Letter J Words III
9
1-10 Letter L Words III
10
1-10 Letter M Words III
Explore More
Trending Topics
Anime
Harry Potter
Crossword
Marvel
Disney
Kpop
NBA
NFL
The Office
Puzzle
WWE
Soccer
Song
Country
Pokémon
hide this ad
More By:
TRODAC
Quiz
Plays
Rating
Category
Featured
Created
World Politics Midterm Review
65
History
Oct 23, 2011
Elementary Chinese Lesson 8 Vocab
63
Language
Nov 10, 2012
Spanish 252 Chapter 3 Vocab
37
Language
Nov 6, 2011
Spanish 252 Chapter 5 Vocab
36
Language
Nov 20, 2011
Spanish 252 Chapter 1 Vocab
27
Language
Dec 1, 2011
Go to Creator's Profile
Score Distribution
Quiz Creator Spotlight
TRODAC
Follow
Send a Message
Quizzes Created
-
Created Quiz Play Count
-
More By This Creator
Popular Quizzes Today
1
5x2 Blitz: Bands
2
Find the 'City' Movie
3
Colored Red Africa Blitz
4
Find the US States - No Outlines Minefield
5
The Countries of the World
6
Find the US States
7
9x9 Crossword: Cartoon Network
8
US States
More Language Quizzes
Sporcle Definitions
Editor's Pick
Trending Quizzes
Colored Red Africa Blitz II
Colored Red Europe Blitz I
Christmas Pick: Judaism
Colored Red Africa Blitz III
Colored Red Europe Blitz II
Recently Updated
Champions League XIs: Real Madrid
pecheneg
Largest US Cities 1790-2010
pecheneg
Rides in Walt Disney World
pecheneg
Most Oscar Losses (Acting)
pecheneg
Beyoncé Albums
pecheneg
Leaping Animals
pecheneg
Reality TV Shows (A-Z)
bhenderson79
Rickey Henderson's Hall of Fame Teammates
pecheneg
Champions League XIs: Arsenal
pecheneg
Quick Pick: Celebrities in WWE's Hall of Fame
aduchscher
Trending Topics
Harry Potter
Kpop
Marvel
Anime
Disney
NBA
Crossword
Pokémon
WWE
The Office
Country
Puzzle
NFL
Soccer
Song
Your Account Isn't Verified!
In order to create a playlist on Sporcle, you need to verify the email address you used during registration. Go to your
Sporcle Settings
to finish the process.
Report this User
Report this user for behavior that violates our
Community Guidelines
.
Details:
Send Report
Go to the Sporcle.com Mobile Site →
Comments